00713 2200241 4500001002100000005001700021008004100038020002200079035002400101040001200125082001400137084001400151090001800165100002400183245009600207250001100303260004000314300003200354650003100386700002000417850001200437990002200449INLIS00000000002803320170530133549.0  a978-979-620-155-6 0010-051700000000743 aYOPDYOG 2[23]a428 a428 Sop N aDEP 428 Sop N aSOPHIA ARDYA GARINI aNice talkb: easy english conversationc/ Sophia Ardya Garini ; penyunting, Nina Artanti R. aCet. 1 aYogyakartabPustaka Widyatamac2016 a263 hlm.b: ilus.c; 20 cm. aBahasa InggrisxPercakapan aNina Artanti R. aYOPDYOG aCB-D.11/2016-1980